000 00906nam a2200265 i 4500
001 bg
100 1 _aCHABIERA, Joanna
245 1 0 _aKontrola jakości :
_bprzewodnik do zajęć /
_cJoanna Chabiera.
260 _aWarszawa :
_bWydawnictwa PWSBiA,
_c1993.
300 _a[2], 76, [2] s. :
_b1 mapa, rys. ;
_c30 cm.
490 1 _aZeszyty Dydaktyczne / Prywatna Wyższa Szkoła Businessu i Administracji,
_x1233-2119 ;
_v3
504 _aBibliogr. s. 76.
650 9 _aJakość wyrobów
_xkontrola
650 9 _aJakość wyrobów
_xnormalizacja
650 9 _aPrzedsiębiorstwo
_xorganizacja
655 _aPodręczniki akademickie
830 0 _aZeszyty Dydaktyczne (Prywatna Wyższa Szkoła Businessu i Administracji) ;
_v3
020 _a8386031026
040 _cBPK
041 0 _apl
080 _a658.56(075.8)
920 _a83-86031-02-6
942 _cKS
008 s pl f |000 0 pol
999 _c25035
_d25035
856 _uhttp://koha.tu.koszalin.pl/cgi-bin/koha/opac-detail.pl?biblionumber=25035
_yKatalog online BPK